Tokyo Mew Mew Weapons Quiz Stats

 Plays Quiz not verified by Sporcle

Score 0/5 Timer 02:00
0 Plays Today
Character Weapon % Correct
Mew Ichigo (Ichigo Momomiya)Strawberry Bell
96.1%
Mew Mint (Mint Aizawa)Mint Arrow
81.2%
Mew Pudding (Pudding Fong)Pudding Ring
70.7%
Mew Zakuro (Zakuro Fujiwara)Zakuro Spear
58.6%
Mew Lettuce (Lettuce Midorikawa)Lettuce Castanets
50.8%

You're not logged in!

Compare scores with friends on all Sporcle quizzes.
OR
Log In

Show Comments

Extras

Created Nov 19, 2010ReportNominate

Top Quizzes Today


Score Distribution

Your Account Isn't Verified!

In order to create a playlist on Sporcle, you need to verify the email address you used during registration. Go to your Sporcle Settings to finish the process.

Report this User

Report this user for behavior that violates our Community Guidelines.

Details: